Luxembourg : 2009 Article IV Consultation; Staff Report; Public Information Notice on the Executive Board Discussion; and Statement by the Executive Director for Luxembourg.

The adverse impact of the crisis on Luxembourg's growth outlook is partly mitigated by the authorities' well-conceived fiscal policy response. The staff report for Luxembourg's 2009 Article IV Consultation highlights economic developments and policies. It combines substantial fiscal s...

Full description

Bibliographic Details
Corporate Author: International Monetary Fund
Format: Journal
Language:English
Published: Washington, D.C. : International Monetary Fund, 2009.
Series:IMF Staff Country Reports; Country Report ; No. 2009/178
Online Access:Full text available on IMF
LEADER 01709cas a2200241 a 4500
001 AALejournalIMF005849
008 230101c9999 xx r poo 0 0eng d
020 |c 5.00 USD 
020 |z 9781451824384 
022 |a 1934-7685 
040 |a BD-DhAAL  |c BD-DhAAL 
110 2 |a International Monetary Fund. 
245 1 0 |a Luxembourg :   |b 2009 Article IV Consultation; Staff Report; Public Information Notice on the Executive Board Discussion; and Statement by the Executive Director for Luxembourg. 
264 1 |a Washington, D.C. :  |b International Monetary Fund,  |c 2009. 
300 |a 1 online resource (44 pages) 
490 1 |a IMF Staff Country Reports 
500 |a <strong>Off-Campus Access:</strong> No User ID or Password Required 
500 |a <strong>On-Campus Access:</strong> No User ID or Password Required 
506 |a Electronic access restricted to authorized BRAC University faculty, staff and students 
520 3 |a The adverse impact of the crisis on Luxembourg's growth outlook is partly mitigated by the authorities' well-conceived fiscal policy response. The staff report for Luxembourg's 2009 Article IV Consultation highlights economic developments and policies. It combines substantial fiscal stimulus, including subsidies aimed at stabilizing employment, with the full functioning of the automatic stabilizers. All major expenditure components of GDP are likely to be adversely affected by the financial crisis, waning confidence, and euro area recession. 
538 |a Mode of access: Internet 
830 0 |a IMF Staff Country Reports; Country Report ;  |v No. 2009/178 
856 4 0 |z Full text available on IMF  |u http://elibrary.imf.org/view/journals/002/2009/178/002.2009.issue-178-en.xml  |z IMF e-Library